000 00732nam0a22002291 4500
001 rc\2766266
005 20250529154150.0
035 _a(NLR Aleph) 006892744
090 _a7164350
_c7164350
100 _a20110915d1940 |||y0rusy50 ca
101 0 _arus
102 _aRU
105 _aa z |||||
200 1 _aТаблицы для расчета железобетонных конструкций
_fДоц. В. Н. Нерон
_gСр.-Аз. индустр. ин-т. Строит. фак-т
210 _aТашкент
_cСАИИ
_d1940
215 _a26 с.
_cчерт.
_d21 см.
700 1 _aНерон
_bВ.Н.
801 0 _aRU
_bNLR
_gpsbo
801 1 _aRU
_bELAR
_2rusmarc
852 _aNLR
_jТ80 В-4/2
942 _cBOOK
980 _aNB